Economics (Record no. 3066)

MARC details
005 - DATE AND TIME OF LATEST TRANSACTION
control field 20250603071647.0
020 ## - INTERNATIONAL STANDARD BOOK NUMBER
International Standard Book Number 978-0-07-070071-0
100 ## - MAIN ENTRY--PERSONAL NAME
Author name SAMUELSON, P.A
245 ## - TITLE STATEMENT
Title Economics
250 ## - EDITION STATEMENT
Edition statement 19th Ed.
260 ## - PUBLICATION, DISTRIBUTION, ETC.
Place of publication, distribution, etc. New Delhi
Name of publisher, distributor, etc. McGraw Hill Education
Date of publication, distribution, etc. 2013
300 ## - PHYSICAL DESCRIPTION
Extent xxx, 916p.: ill; graphs, tables.
Other physical details Glossary & Index
Dimensions 24 cm
700 ## - ADDED ENTRY--PERSONAL NAME
Other authors/Editors NORDHAUS, W.D
942 ## - ADDED ENTRY ELEMENTS (KOHA)
Source of classification or shelving scheme Dewey Decimal Classification
Koha item type Books
Holdings
Date last seen Total checkouts Full call number Barcode Cost, replacement price Price effective from Koha item type Lost status Source of classification or shelving scheme Damaged status Not for loan Withdrawn status Home library Current library Shelving location Date acquired Source of acquisition Cost, normal purchase price
06/03/2025   330 SAM MBY0004 216000.00 06/03/2025 Books   Dewey Decimal Classification       CBE MBEYA CBE MBEYA Special Reserve Collection 02/21/2025 PURCHASE 72000.00
06/03/2025   330 SAM MBY00020 216000.00 06/03/2025 Books   Dewey Decimal Classification       CBE MBEYA CBE MBEYA General Collection 02/21/2025 PURCHASE 72000.00